| 000 | 00474nam a2200181Ia 4500 | ||
|---|---|---|---|
| 008 | 240925s9999 xx 000 0 und d | ||
| 020 | _a23876514 | ||
| 082 | _a371.26 NIT | ||
| 100 | _aNitko ,Anthony J. | ||
| 245 | 0 | _aEducational Assessment of Students | |
| 250 | _aNA | ||
| 260 |
_aNew Jersey: _bPrintice- Hall Int. _c,1996. |
||
| 300 |
_axxiv,662p. _bNA _fOriginal |
||
| 500 | _aIncludes Index | ||
| 600 | _aSocial Sciences | ||
| 650 | _aSocial Sciences | ||
| 942 | _cBK | ||
| 999 |
_c5449 _d5449 |
||